[Event "Budapest SixDays 03 GM"]
[Site "Budapest"]
[Date "2024.04.02"]
[Round "6"]
[White "Juhasz, Agoston Botond"]
[Black "Konyves, Almos"]
[Result "1-0"]
[WhiteElo "2418"]
[BlackElo "2315"]
[PlyCount "79"]
[EventDate "2024.03.30"]
[EventType "tourn"]
[EventRounds "9"]
[EventCountry "HUN"]
[EventCategory "7"]
[SourceTitle "CB15_2024"]
[SourceDate "2024.04.10"]
[SourceVersion "1"]
[SourceVersionDate "2024.04.10"]
[SourceQuality "1"]

1. e4 e5 2. Nf3 Nc6 3. Bb5 a6 4. Ba4 Nf6 5. 0-0 Be7 6. Re1 b5 7. Bb3 d6 8. c3 0-0 9. h3 Na5 10. Bc2 c5 11. d4 Qc7 12. d5 Nc4 13. b3 Nb6 14. a4 c4 15. axb5 cxb3 16. Bd3 Nfd7 17. Be3 a5 18. Qxb3 Nc5 19. Qc2 Nxd3 20. Qxd3 f5 21. Nfd2 Bh4 22. c4 f4 23. Bxb6 Qxb6 24. Re2 Bd8 25. Nc3 Qa7 26. Na4 Bb6 27. Nf3 Bd7 28. Rea2 Rfc8 29. Nxb6 Qxb6 30. Nd2 Rc7 31. Ra4 Rca7 32. Nb3 g5 33. Qc3 g4 34. hxg4 Bxg4 35. Rxa5 f3 36. c5 dxc5 37. Rxa7 Rxa7 38. Rxa7 Qxa7 39. gxf3 c4 40. fxg4 1-0

[Event "Budapest SixDays 03 GM"]
[Site "Budapest"]
[Date "2024.03.31"]
[Round "3"]
[White "Kaasen, Tor Fredrik"]
[Black "Juhasz, Agoston Botond"]
[Result "1/2-1/2"]
[WhiteElo "2450"]
[BlackElo "2418"]
[PlyCount "69"]
[EventDate "2024.03.30"]
[EventType "tourn"]
[EventRounds "9"]
[EventCountry "HUN"]
[EventCategory "7"]
[SourceTitle "CB15_2024"]
[SourceDate "2024.04.10"]
[SourceVersion "1"]
[SourceVersionDate "2024.04.10"]
[SourceQuality "1"]

1. d4 Nf6 2. c4 e6 3. Nc3 Bb4 4. e3 0-0 5. Bd3 d5 6. Nf3 dxc4 7. Bxc4 c5 8. 0-0 cxd4 9. exd4 b6 10. Qe2 Bb7 11. Rd1 Nbd7 12. d5 exd5 13. Nxd5 Bxd5 14. Bxd5 Nxd5 15. Rxd5 Qc7 16. Bg5 Qc6 17. Rad1 Nf6 18. Ne5 Qxd5 19. Rxd5 Nxd5 20. Qe4 Be7 21. Nxf7 Rxf7 22. Bxe7 Rc8 23. Bg5 Nf6 24. Qa4 h6 25. Bd2 Rd8 26. Bc3 Nd5 27. Be5 Nf4 28. h3 Nd3 29. f4 Nxe5 30. fxe5 Re7 31. Qb3+ Kh8 32. Qa3 Rde8 33. Kh2 Kg8 34. Qb3+ Kh8 35. Qa3 1/2-1/2

[Event "HUN-ch U20"]
[Site "Budapest"]
[Date "2024.03.15"]
[Round "5"]
[White "Bodrogi, Bendeguz"]
[Black "Juhasz, Agoston Botond"]
[Result "1/2-1/2"]
[WhiteElo "2316"]
[BlackElo "2406"]
[PlyCount "127"]
[EventDate "2024.03.11"]
[EventType "tourn"]
[EventRounds "9"]
[EventCountry "HUN"]
[EventCategory "4"]
[SourceTitle "CB13_2024"]
[SourceDate "2024.03.27"]
[SourceVersion "1"]
[SourceVersionDate "2024.03.27"]
[SourceQuality "1"]

1. Nf3 d5 2. g3 c6 3. Bg2 Nf6 4. 0-0 Bg4 5. d4 Nbd7 6. c4 e6 7. h3 Bf5 8. Nc3 h6 9. Nd2 Nb6 10. b3 dxc4 11. Nxc4 Bb4 12. Bb2 Nbd5 13. Nb1 Be4 14. a3 Bxg2 15. Kxg2 Be7 16. Nbd2 0-0 17. e4 Nb6 18. Qe2 Ne8 19. Nf3 Nc7 20. Nfe5 Bf6 21. Rad1 Nxc4 22. Nxc4 Qd7 23. Rd3 Rad8 24. Rfd1 Be7 25. Ne3 Qe8 26. d5 cxd5 27. exd5 exd5 28. Bxg7 Kxg7 29. Nf5+ Kh7 30. Qxe7 Qc6 31. Rd4 Rde8 32. Qd6 Nb5 33. Qxc6 bxc6 34. Rh4 Re6 35. a4 Nc3 36. Rc1 Ne4 37. Nd4 Rf6 38. f3 c5 39. fxe4 cxd4 40. exd5 Re8 41. Rf4 Rxf4 42. gxf4 Re2+ 43. Kf3 Re3+ 44. Kg4 Kg7 45. Kf5 Kf8 46. Rc4 d3 47. h4 Ke7 48. Rd4 Kd6 49. b4 a5 50. bxa5 Kc5 51. d6 Kxd4 52. d7 d2 53. d8Q+ Kc3 54. a6 Rd3 55. Qa5+ Kc2 56. Qc5+ Rc3 57. Qf2 Kc1 58. Qd4 Rc8 59. Qe3 Kc2 60. Qe4+ Kc1 61. Qe3 Kc2 62. Qe4+ Kc1 63. Qe3 Kc2 64. Qe4+ 1/2-1/2

[Event "Wch U18"]
[Site "Montesilvano"]
[Date "2023.11.16"]
[Round "4"]
[White "Mierins, Emils Janis"]
[Black "Juhasz, Agoston Botond"]
[Result "0-1"]
[WhiteElo "2208"]
[BlackElo "2401"]
[PlyCount "112"]
[EventDate "2023.11.13"]
[EventType "swiss"]
[EventRounds "11"]
[EventCountry "ITA"]
[SourceTitle "CB48_2023"]
[SourceDate "2023.11.29"]
[SourceVersion "1"]
[SourceVersionDate "2023.11.29"]
[SourceQuality "1"]

1. e4 c5 2. Nf3 d6 3. Bb5+ Nd7 4. 0-0 a6 5. Bd3 Ngf6 6. c3 e6 7. Re1 b5 8. a4 c4 9. Bc2 Bb7 10. d4 cxd3 11. Qxd3 Nc5 12. Qe2 bxa4 13. Be3 Nfd7 14. Rd1 Qc7 15. Nbd2 Be7 16. Nc4 0-0 17. Bf4 e5 18. Bg5 f6 19. Bc1 Rfd8 20. Ne3 Nb6 21. Nf5 Bf8 22. c4 Nb3 23. Bxb3 axb3 24. Nd2 a5 25. Nxb3 Qxc4 26. Qg4 Kh8 27. Nd2 Qe6 28. Nf3 g6 29. Ne3 Qxg4 30. Nxg4 Be7 31. Re1 h5 32. Nh6 Kg7 33. g4 hxg4 34. Nd2 Bc8 35. Nf1 Rh8 36. Ng3 Be6 37. Ra3 Rhc8 38. f4 gxf3 39. Rxf3 Rc2 40. h3 Bxh3 41. Ngf5+ Bxf5 42. exf5 Rac8 43. fxg6 Rxc1 44. Nf5+ Kxg6 45. Nxe7+ Kf7 46. Nxc8 Rxe1+ 47. Kf2 Rb1 48. Nxd6+ Ke6 49. Ne8 Rxb2+ 50. Ke1 Nd5 51. Ng7+ Kd6 52. Ra3 Rg2 53. Nf5+ Ke6 54. Nh4 Rg4 55. Nf3 a4 56. Kf2 Rb4 0-1

[Event "Budapest SixDays 09 IM"]
[Site "Budapest"]
[Date "2023.09.15"]
[Round "6"]
[White "Semprun Martinez, Fernando M"]
[Black "Juhasz, Agoston Botond"]
[Result "0-1"]
[WhiteElo "2111"]
[BlackElo "2364"]
[PlyCount "84"]
[EventDate "2023.09.12"]
[EventType "tourn"]
[EventRounds "9"]
[EventCountry "HUN"]
[EventCategory "1"]
[SourceTitle "EXT 2024"]
[Source "ChessBase"]
[SourceDate "2023.10.10"]
[SourceVersion "1"]
[SourceVersionDate "2023.10.10"]
[SourceQuality "1"]

1. e4 c5 2. Nf3 d6 3. d4 cxd4 4. Nxd4 Nf6 5. Nc3 a6 6. Bg5 Nbd7 7. f4 Qc7 8. Qf3 h6 9. Bxf6 Nxf6 10. f5 Qc5 11. 0-0-0 g5 12. fxg6 Bg4 13. gxf7+ Kxf7 14. Qd3 Bxd1 15. Nxd1 Bg7 16. Qb3+ d5 17. Nf5 Nxe4 18. Bd3 Nf6 19. Re1 Rhe8 20. Nh4 e6 21. Bg6+ Kg8 22. Bxe8 Rxe8 23. Nf3 b5 24. Qe3 Qd6 25. Qd3 Qf4+ 26. Qe3 Qc4 27. Ne5 Qxa2 28. Qa7 Qa1+ 29. Kd2 Qa5+ 30. c3 Rf8 31. Qe7 Qb6 32. Nd7 Nxd7 33. Qxd7 Rf6 34. Re3 Rg6 35. g3 b4 36. h4 bxc3+ 37. bxc3 Kh7 38. Rf3 Qg1 39. h5 Qh2+ 40. Nf2 Qxh5 41. g4 Qg5+ 42. Kc2 Rf6 0-1

[Event "Budapest SixDays 09 IM"]
[Site "Budapest"]
[Date "2023.09.14"]
[Round "5"]
[White "Juhasz, Agoston Botond"]
[Black "Meessen, Rudolf"]
[Result "1-0"]
[WhiteElo "2364"]
[BlackElo "2109"]
[PlyCount "89"]
[EventDate "2023.09.12"]
[EventType "tourn"]
[EventRounds "9"]
[EventCountry "HUN"]
[EventCategory "1"]
[SourceTitle "EXT 2024"]
[Source "ChessBase"]
[SourceDate "2023.10.10"]
[SourceVersion "1"]
[SourceVersionDate "2023.10.10"]
[SourceQuality "1"]

1. e4 c5 2. Nf3 d6 3. d4 cxd4 4. Nxd4 Nf6 5. Nc3 g6 6. Be3 Bg7 7. f3 a6 8. g4 h5 9. g5 Nfd7 10. f4 0-0 11. Bc4 Nc6 12. Qd2 Nb6 13. Be2 Bg4 14. b3 Bxe2 15. Ncxe2 Nxd4 16. Bxd4 Bxd4 17. Nxd4 e5 18. Nf3 Qc7 19. 0-0-0 Rac8 20. Kb1 exf4 21. c4 Nxc4 22. bxc4 Qxc4 23. Nd4 Qc5 24. Rhf1 Qxg5 25. Qxf4 Qc5 26. Qf2 Qe5 27. Qf4 Qc5 28. Rf3 a5 29. Qd2 Qe5 30. Qe2 a4 31. Rf5 Qg7 32. Rd5 Rfe8 33. Qf3 Rc4 34. a3 Rec8 35. Rxd6 Rc3 36. Qf4 Rxa3 37. e5 Rac3 38. Rf1 R3c7 39. Qg5 Rc5 40. Rxf7 Rc1+ 41. Kb2 a3+ 42. Kxa3 Kxf7 43. Rd7+ Kg8 44. Rxg7+ Kxg7 45. Nf5+ 1-0

[Event "Budapest SixDays 09 IM"]
[Site "Budapest"]
[Date "2023.09.13"]
[Round "3"]
[White "Juhasz, Agoston Botond"]
[Black "Horvath, David G"]
[Result "1/2-1/2"]
[WhiteElo "2364"]
[BlackElo "2334"]
[PlyCount "22"]
[EventDate "2023.09.12"]
[EventType "tourn"]
[EventRounds "9"]
[EventCountry "HUN"]
[EventCategory "1"]
[SourceTitle "EXT 2024"]
[Source "ChessBase"]
[SourceDate "2023.10.10"]
[SourceVersion "1"]
[SourceVersionDate "2023.10.10"]
[SourceQuality "1"]

1. e4 e6 2. d4 d5 3. Nc3 Nf6 4. e5 Nfd7 5. f4 c5 6. Nf3 Nc6 7. Be3 Be7 8. a3 Qb6 9. Be2 a6 10. 0-0 cxd4 11. Bf2 f6 1/2-1/2

[Event "Budapest SixDays 09 IM"]
[Site "Budapest"]
[Date "2023.09.12"]
[Round "1"]
[White "Juhasz, Agoston Botond"]
[Black "Pribelszky, Bence"]
[Result "1-0"]
[WhiteElo "2364"]
[BlackElo "2417"]
[PlyCount "111"]
[EventDate "2023.09.12"]
[EventType "tourn"]
[EventRounds "9"]
[EventCountry "HUN"]
[EventCategory "1"]
[SourceTitle "EXT 2024"]
[Source "ChessBase"]
[SourceDate "2023.10.10"]
[SourceVersion "1"]
[SourceVersionDate "2023.10.10"]
[SourceQuality "1"]

1. e4 Nc6 2. d4 d5 3. e5 Bf5 4. Nf3 e6 5. c3 f6 6. Bb5 Nge7 7. exf6 gxf6 8. Nh4 Bg6 9. Qf3 Nf5 10. Nxf5 Bxf5 11. Bf4 a6 12. Ba4 b5 13. Bb3 Na5 14. Qh5+ Bg6 15. Qe2 Kf7 16. Bc2 Nc4 17. b3 Nd6 18. 0-0 Qd7 19. Re1 Bg7 20. Bg3 Rhc8 21. a4 b4 22. cxb4 Rcb8 23. Bxg6+ hxg6 24. Nd2 Rxb4 25. Rac1 Bf8 26. Qd3 Ra7 27. Rc3 Nf5 28. Nf3 Rb6 29. Rec1 Nxg3 30. hxg3 Ba3 31. Rb1 Bb4 32. Rc2 Kg7 33. g4 g5 34. g3 Qf7 35. Rbc1 Ba3 36. Ra1 Bd6 37. Re2 Rab7 38. Nd2 Bb4 39. Nf1 Qg6 40. Qf3 a5 41. Rc1 Ba3 42. Rc3 Qb1 43. Kg2 Kf7 44. Rec2 Rxb3 45. Rxb3 Rxb3 46. Rxc7+ Be7 47. Ne3 Qd3 48. Ra7 Qc3 49. Qe2 Rb2 50. Rxe7+ Kf8 51. Qf3 Qxd4 52. Rxe6 Kf7 53. Rd6 Qxa4 54. Qxf6+ Kg8 55. Rd8+ Kh7 56. Rh8# 1-0

[Event "Titled Tuesday intern op 05th Sep Early"]
[Site "Chess.com INT"]
[Date "2023.09.05"]
[Round "10"]
[White "Stork, Oliver"]
[Black "Juhasz, Agoston Botond"]
[Result "1-0"]
[WhiteElo "2282"]
[BlackElo "2364"]
[PlyCount "47"]
[EventDate "2023.09.05"]
[EventType "swiss (blitz)"]
[EventRounds "11"]
[EventCountry "USA"]
[SourceTitle "EXT 2024"]
[Source "ChessBase"]
[SourceDate "2023.10.10"]
[SourceVersion "1"]
[SourceVersionDate "2023.10.10"]
[SourceQuality "1"]

1. e4 e5 2. Nf3 Nc6 3. Bc4 Bc5 4. c3 Nf6 5. d4 exd4 6. cxd4 Bb4+ 7. Kf1 Nxe4 8. d5 Ne7 9. Qd4 Nf6 10. Bg5 Ng6 11. Nc3 0-0 12. h4 c5 13. Qd3 h6 14. d6 Bxc3 15. Qxg6 Kh8 16. Bxf7 Bxb2 17. Rb1 Bc3 18. Bxh6 Rxf7 19. Qxf7 gxh6 20. Rb3 Ba1 21. Ke2 Bd4 22. Nxd4 cxd4 23. Rf3 Ng8 24. Rg3 1-0

[Event "HUN-ch Rapid"]
[Site "Ajka"]
[Date "2023.07.22"]
[Round "6"]
[White "Svidler, Peter"]
[Black "Juhasz, Agoston Botond"]
[Result "1-0"]
[WhiteElo "2688"]
[BlackElo "2292"]
[PlyCount "53"]
[EventDate "2023.07.21"]
[EventType "swiss (rapid)"]
[EventRounds "13"]
[EventCountry "HUN"]
[SourceTitle "CBM 215 Extra"]
[Source "ChessBase"]
[SourceDate "2023.09.30"]
[SourceVersion "1"]
[SourceVersionDate "2023.09.30"]
[SourceQuality "1"]

1. e4 c6 2. Nf3 d5 3. d3 dxe4 4. dxe4 Qxd1+ 5. Kxd1 Nf6 6. Nbd2 g6 7. a4 Bh6 8. a5 Be6 9. Nd4 Bc8 10. f3 0-0 11. Nc4 Bxc1 12. Kxc1 Rd8 13. c3 Na6 14. Ne5 Nd7 15. Nxd7 Bxd7 16. Bxa6 bxa6 17. Nb3 f5 18. Nc5 fxe4 19. fxe4 Bg4 20. h3 Be2 21. Re1 Rf8 22. Kd2 Bb5 23. Ke3 Rf6 24. b3 Raf8 25. c4 Rf2 26. cxb5 axb5 27. Re2 1-0

[Event "Titled Tuesday intern op 25th Apr Early"]
[Site "Chess.com INT"]
[Date "2023.04.25"]
[Round "6"]
[White "Juhasz, Agoston Botond"]
[Black "Vastrukhin, Oleg"]
[Result "1-0"]
[WhiteElo "2290"]
[BlackElo "2343"]
[PlyCount "79"]
[EventDate "2023.04.25"]
[EventType "swiss (blitz)"]
[EventRounds "11"]
[EventCountry "USA"]
[SourceTitle "EXT 2024"]
[Source "ChessBase"]
[SourceDate "2023.10.10"]
[SourceVersion "1"]
[SourceVersionDate "2023.10.10"]
[SourceQuality "1"]

1. Nc3 d5 2. d4 Nf6 3. Bf4 Bf5 4. e3 e6 5. f3 Bb4 6. Nge2 Nbd7 7. g4 Bg6 8. h4 h5 9. g5 Ng8 10. Bg3 Ne7 11. Nf4 c6 12. Bd3 Bxd3 13. Qxd3 g6 14. 0-0-0 Qa5 15. Kb1 Bxc3 16. Qxc3 Qxc3 17. bxc3 a5 18. e4 Nb6 19. Nd3 Nc4 20. Ne5 Nxe5 21. Bxe5 0-0 22. a4 b5 23. Ka2 Rfc8 24. Rb1 b4 25. Bd6 Ra7 26. Bc5 Rca8 27. Bxa7 Rxa7 28. cxb4 axb4 29. Rxb4 c5 30. dxc5 Nc6 31. Ka3 Nxb4 32. Kxb4 Rb7+ 33. Ka5 Rb2 34. exd5 exd5 35. c6 Kf8 36. Rd1 Rxc2 37. Kb6 Rb2+ 38. Kc7 Ra2 39. Rxd5 Rxa4 40. Kd7 1-0

[Event "Titled Tuesday intern op 25th Apr Early"]
[Site "Chess.com INT"]
[Date "2023.04.25"]
[Round "7"]
[White "Vakhlamov, Igor L"]
[Black "Juhasz, Agoston Botond"]
[Result "1-0"]
[WhiteElo "2413"]
[BlackElo "2290"]
[PlyCount "109"]
[EventDate "2023.04.25"]
[EventType "swiss (blitz)"]
[EventRounds "11"]
[EventCountry "USA"]
[SourceTitle "EXT 2024"]
[Source "ChessBase"]
[SourceDate "2023.10.10"]
[SourceVersion "1"]
[SourceVersionDate "2023.10.10"]
[SourceQuality "1"]

1. e4 c5 2. Nf3 Nc6 3. Nc3 g6 4. d4 cxd4 5. Nxd4 Bg7 6. Nxc6 bxc6 7. Bc4 d6 8. 0-0 Nf6 9. e5 dxe5 10. Qxd8+ Kxd8 11. Re1 e6 12. Rxe5 Nd5 13. Re2 Kc7 14. Na4 a5 15. a3 Ba6 16. Bxa6 Rxa6 17. c4 Nb6 18. Bf4+ Kc8 19. Nc5 Ra7 20. Rc1 Rd8 21. g3 Nd7 22. Ne4 Ne5 23. Bxe5 Bxe5 24. Ng5 Bg7 25. Nxh7 a4 26. Ng5 Rd3 27. Rcc2 Rb7 28. Ne4 Bf8 29. Nc3 Ra7 30. h4 Bc5 31. Ne4 Bd4 32. Kg2 f5 33. Ng5 e5 34. Nf3 e4 35. Nxd4 Rxd4 36. Red2 c5 37. f3 Rad7 38. Re2 exf3+ 39. Kxf3 Rg4 40. Rcd2 Rxd2 41. Rxd2 Rxc4 42. Rd6 Rg4 43. Rc6+ Kb7 44. Rxc5 Kb6 45. Rc3 Kb5 46. b4 axb3 47. Rxb3+ Kc5 48. Rb4 Rxb4 49. axb4+ Kxb4 50. Kf4 Kc5 51. Kg5 Kd5 52. Kxg6 Ke4 53. h5 Kf3 54. Kxf5 Kxg3 55. h6 1-0

[Event "Budapest FS04 IM"]
[Site "Budapest"]
[Date "2023.04.06"]
[Round "6"]
[White "Juhasz, Agoston Botond"]
[Black "Katkov, Michelle"]
[Result "1-0"]
[WhiteElo "2290"]
[BlackElo "2152"]
[PlyCount "79"]
[EventDate "2023.04.01"]
[EventType "tourn"]
[EventRounds "11"]
[EventCountry "HUN"]
[SourceTitle "CBM 213 Extra"]
[Source "ChessBase"]
[SourceDate "2023.05.31"]
[SourceVersion "1"]
[SourceVersionDate "2023.05.31"]
[SourceQuality "1"]

1. c4 Nf6 2. Nc3 e6 3. e4 d5 4. e5 d4 5. exf6 dxc3 6. bxc3 Qxf6 7. d4 Nc6 8. Nf3 e5 9. Bg5 Qg6 10. d5 Ne7 11. Qa4+ c6 12. Be3 e4 13. Nd4 Bd7 14. Qb3 b6 15. a4 Nf5 16. dxc6 Bxc6 17. Nxc6 Qxc6 18. c5 a6 19. Bc4 Nxe3 20. Bxf7+ Kd8 21. fxe3 Qxc5 22. 0-0 Bd6 23. Rad1 Kc7 24. Rd4 Qe5 25. Qc4+ Kb8 26. g3 Rc8 27. Qb3 Bc5 28. Be6 Rc7 29. Rf5 Bxd4 30. Rxe5 Bxe5 31. Bd5 Raa7 32. Qxb6+ Rab7 33. Bxb7 Rxb7 34. Qd8+ Ka7 35. c4 Bf6 36. Qd5 h6 37. Qxe4 Re7 38. Qd5 Bg5 39. e4 Bf6 40. a5 1-0

[Event "Budapest FS04 IM"]
[Site "Budapest"]
[Date "2023.04.05"]
[Round "5"]
[White "Citak, Selim"]
[Black "Juhasz, Agoston Botond"]
[Result "1-0"]
[WhiteElo "2272"]
[BlackElo "2290"]
[PlyCount "69"]
[EventDate "2023.04.01"]
[EventType "tourn"]
[EventRounds "11"]
[EventCountry "HUN"]
[SourceTitle "CBM 213 Extra"]
[Source "ChessBase"]
[SourceDate "2023.05.31"]
[SourceVersion "1"]
[SourceVersionDate "2023.05.31"]
[SourceQuality "1"]

1. d4 f5 2. Nf3 Nf6 3. g3 e6 4. Bg2 d5 5. 0-0 Be7 6. c4 Ne4 7. b3 Nc6 8. Bb2 h5 9. Nbd2 h4 10. Nxe4 fxe4 11. Ne5 Nxe5 12. dxe5 c6 13. e3 hxg3 14. fxg3 Bc5 15. Bd4 Bxd4 16. Qxd4 Bd7 17. cxd5 cxd5 18. Rac1 Bc6 19. Rf4 Qb6 20. Rcf1 Rc8 21. Bxe4 Rd8 22. Bg6+ Kd7 23. Rf7+ Kc8 24. Qxb6 axb6 25. R1f4 Rhg8 26. Re7 Bd7 27. Rff7 Bc6 28. Rxg7 Rgf8 29. Rc7+ Kb8 30. Rcf7 Rxf7 31. Bxf7 d4 32. Rg8 Rxg8 33. Bxg8 d3 34. Kf2 Bb5 35. Ke1 1-0

[Event "Budapest FS04 IM"]
[Site "Budapest"]
[Date "2023.04.04"]
[Round "4"]
[White "Juhasz, Agoston Botond"]
[Black "Semprun Martinez, Fernando M"]
[Result "1-0"]
[WhiteElo "2290"]
[BlackElo "2127"]
[PlyCount "61"]
[EventDate "2023.04.01"]
[EventType "tourn"]
[EventRounds "11"]
[EventCountry "HUN"]
[SourceTitle "CBM 213 Extra"]
[Source "ChessBase"]
[SourceDate "2023.05.31"]
[SourceVersion "1"]
[SourceVersionDate "2023.05.31"]
[SourceQuality "1"]

1. e4 e6 2. d4 d5 3. Nc3 Nf6 4. Bg5 Bb4 5. e5 h6 6. Bc1 Bxc3+ 7. bxc3 Ne4 8. Qg4 g6 9. h4 c5 10. Bd3 cxd4 11. Ne2 Nc6 12. cxd4 Qa5+ 13. Kf1 Bd7 14. Qf4 0-0-0 15. a4 g5 16. Qe3 gxh4 17. Rxh4 Ne7 18. g4 f5 19. exf6 Nxf6 20. f3 Rdf8 21. Kg2 Rhg8 22. Ng3 Qc3 23. Rb1 Nc6 24. Rxb7 Qxd4 25. Qxd4 Nxd4 26. Ba6 Kd8 27. Bxh6 Re8 28. Rxa7 Nxc2 29. Bd2 e5 30. Nf5 Bxf5 31. Ba5# 1-0

[Event "Budapest FS04 IM"]
[Site "Budapest"]
[Date "2023.04.02"]
[Round "2"]
[White "Juhasz, Agoston Botond"]
[Black "Xie, Felix"]
[Result "1/2-1/2"]
[WhiteElo "2290"]
[BlackElo "2227"]
[PlyCount "106"]
[EventDate "2023.04.01"]
[EventType "tourn"]
[EventRounds "11"]
[EventCountry "HUN"]
[SourceTitle "CBM 213 Extra"]
[Source "ChessBase"]
[SourceDate "2023.05.31"]
[SourceVersion "1"]
[SourceVersionDate "2023.05.31"]
[SourceQuality "1"]

1. e4 c6 2. d4 d5 3. e5 Bf5 4. Nf3 e6 5. Be2 c5 6. 0-0 Nc6 7. c3 cxd4 8. Nxd4 Nxd4 9. cxd4 Ne7 10. Nc3 Nc6 11. g4 Bg6 12. f4 Qd7 13. Be3 Be7 14. Qe1 h5 15. h3 hxg4 16. hxg4 Rh3 17. Rf3 Rh4 18. Rf2 0-0-0 19. Rh2 Rdh8 20. Rxh4 Bxh4 21. Qf1 Bd8 22. Kg2 Bb6 23. Qf2 Be4+ 24. Bf3 Bxf3+ 25. Kxf3 Qe7 26. Na4 Qb4 27. Nxb6+ axb6 28. Kg2 Qc4 29. Qd2 Kd7 30. b3 Qb4 31. Qd3 Qa3 32. Qe2 Ra8 33. f5 Qb4 34. Qf2 Qc3 35. Rd1 Qb4 36. Rc1 Qa3 37. Rc2 Qe7 38. a4 Rh8 39. Rc1 Qb4 40. Qc2 Qe7 41. Qf2 exf5 42. Qxf5+ Qe6 43. Qf3 Re8 44. Bf2 Rc8 45. Rf1 Ne7 46. Bh4 Rh8 47. Bg5 Ke8 48. Kg3 Nc6 49. Be3 Ke7 50. Bg5+ Ke8 51. Be3 Ke7 52. Bg5+ Ke8 53. Be3 Ke7 1/2-1/2